100 Most Used Norwegian Words - Statistics

General Stats
  • This quiz has been taken 5 times
  • The average score is 81 of 100
Answer Stats
Norwegian English % Correct
Og And
100%
En A(n)/One
100%
Være Be
100%
Vært Been
100%
Kan Can
100%
For For
100%
Fra From
100%
Get
100%
Go
100%
Hadde Had
100%
Har Has/Have
100%
Ha Have
100%
Han He
100%
Henne Her
100%
Hei Hi
100%
Ham Him
100%
Jeg I
100%
Er Is/Are
100%
Det It/That
100%
Vite Know
100%
Lage Make
100%
Meg Me
100%
Min My
100%
Nei No
100%
Ikke Not
100%
Av Of
100%
On/In
100%
Eller Or
100%
Ute Out
100%
Over Over/Above
100%
Hun She
100%
So
100%
Noen Some
100%
Noe Something
100%
Da Then
100%
Ting Thing
100%
Dette This
100%
Til | Å To
100%
Var Was/Were
100%
Vi We
100%
Vil Will
100%
Ja Yes
100%
Du You
100%
Etter After
75%
Igjen Again
75%
Mot Against
75%
Alle All
75%
Ved At
75%
Dårlig Bad
75%
Før Before
75%
Gutt Boy
75%
Kom Come
75%
Kunne Could
75%
Dag Day
75%
Gjøre Do
75%
Ned Down
75%
Fikk Got
75%
Her Here
75%
Mange Many
75%
Mer More
75%
Must
75%
Now
75%
Ofte Often
75%
Bare Only
75%
Andre Other
75%
Sa Said
75%
Sier Say
75%
Siden Since
75%
Takk Thanks
75%
At That
75%
Dem Them
75%
Der There
75%
De They
75%
Sammen Together
75%
Også Too/Also
75%
Opp Up
75%
Oss Us
75%
Gikk Went
75%
Hva What
75%
Når When
75%
Hvor | Som Where
75%
Hele Whole
75%
Med With
75%
Ville Would
75%
År Year
75%
Ble Became
50%
Blir Become
50%
Man But
50%
Akkurat Just
50%
Ingen Nobody
50%
Seg Self
50%
Skulle Should
50%
Gang Time
50%
Ca About
25%
I If
25%
Skal Need
25%
Sin Their
25%
Slik Way
0%
No matching quizzes found
Score Distribution
Percent of People with Each Score
Percentile by Number Answered
Your Score History
You have not taken this quiz